书目信息 |
| 题名: |
纤细臂膀
|
|
| 作者: | 于帆 , 鹿萌 主编 | |
| 分册: | ||
| 出版信息: | 北京 北京理工大学出版社 2009.03 |
|
| 页数: | 206页 | |
| 开本: | 21×19cm | |
| 丛书名: | 我型我塑 | |
| 单 册: | ||
| 中图分类: | R161 | |
| 科图分类: | ||
| 主题词: | 女性--nu xing--臂部--减肥 | |
| 电子资源: | ||
| ISBN: | 978-7-5640-1885-6 | |
| 000 | 00838nam 2200265 450 | |
| 001 | 012009577355 | |
| 005 | 20090430090402.56 | |
| 010 | @a978-7-5640-1885-6@dCNY17.80 | |
| 100 | @a20090430d2009 em y0chi0120 ea | |
| 101 | 0 | @achi |
| 102 | @aCN@b110000 | |
| 105 | @aa z 000yy | |
| 106 | @ar | |
| 200 | 1 | @a纤细臂膀@Axian xi bi bang@f于帆, 鹿萌主编@Fyu fan,lu meng zhu bian |
| 210 | @a北京@c北京理工大学出版社@d2009.03 | |
| 215 | @a206页@c图@d21×19cm | |
| 225 | 2 | @a我型我塑@Awo xing wo su |
| 330 | @a本书是系列书之一,主要内容包括:纤细臂膀减肥须知,窈窕臂膀操,瑜伽臂膀减肥,普拉提臂膀减肥等。 | |
| 410 | 0 | @12001 @a我型我塑 |
| 606 | 0 | @a女性@Anu xing@x臂部@x减肥 |
| 690 | @aR161@v4 | |
| 701 | 0 | @a于帆@Ayu fan@4主编 |
| 701 | 0 | @a鹿萌@Alu meng@4主编 |
| 801 | 0 | @aCN@bQSSK@c20090430 |
| 905 | @b741225-27@dR161@eY708@f3 | |
| 纤细臂膀/于帆, 鹿萌主编.-北京:北京理工大学出版社,2009.03 |
| 206页:图;21×19cm.-(我型我塑) |
| ISBN 978-7-5640-1885-6:CNY17.80 |
| 本书是系列书之一,主要内容包括:纤细臂膀减肥须知,窈窕臂膀操,瑜伽臂膀减肥,普拉提臂膀减肥等。 |
| ● |
| 相关链接 |
|
|
|
正题名:纤细臂膀
索取号:R161/Y708
 
预约/预借
| 序号 | 登录号 | 条形码 | 馆藏地/架位号 | 状态 | 备注 |
| 1 | 741225 | 207412254 | 自科库401/401自科库 5排1列1层/ [索取号:R161/Y708] | 在馆 | |
| 2 | 741226 | 207412263 | 自科库401/401自科库 5排1列1层/ [索取号:R161/Y708] | 在馆 | |
| 3 | 741227 | 207412272 | 自科库401/401自科库 5排1列1层/ [索取号:R161/Y708] | 在馆 |